5時台から運行している特急列車 - Statistics

General Stats
  • This quiz has been taken 316 times
    210 since last reset
  • The average score is 34 of 60
Answer Stats
時刻 始発駅 列車名 % Correct
21:50 東京 サンライズ瀬戸
87%
21:50 東京 サンライズ出雲
87%
18:57 出雲市 サンライズ出雲
87%
21:26 高松 サンライズ瀬戸
87%
5:53 いわき ひたち2号
80%
5:48 高萩 ときわ56号
77%
5:44 勝田 ときわ54号
77%
5:34 中津 ソニック202号
77%
5:12 大分 ソニック2号
77%
5:56 大分 ソニック4号
77%
5:47 南宮崎 にちりん2号
75%
4:42 出雲市 やくも2号
72%
5:27 出雲市 やくも4号
72%
5:27 酒田 いなほ2号
71%
5:14 和歌山 くろしお2号
67%
4:59 伊予西条 しおかぜ2号
67%
5:05 松山 しおかぜ4号
67%
5:55 新宿 成田エクスプレス1号
66%
5:28 大船 成田エクスプレス1号
66%
5:58 草津 はるか3号
66%
5:45 京都 はるか1号
66%
5:17 高松 いしづち101号
66%
5:05 松山 いしづち4号
66%
5:51 宮崎 きりしま1号
62%
5:49 鹿児島中央 きりしま2号
62%
5:52 君津 さざなみ2号
58%
5:41 徳島 うずしお2号
57%
4:51 高知 しまんと2号
57%
5:50 本庄 あかぎ2号
56%
5:44 門司港 きらめき1号
54%
5:48 松山 宇和海1号
53%
5:24 宇和島 宇和海2号
53%
5:48 福知山 こうのとり2号
51%
5:58 近鉄名古屋 特急(近鉄)
50%
5:36 松阪 特急(近鉄)
50%
5:53 松阪 特急(近鉄)
50%
5:41 名張 特急(近鉄)
50%
5:49 名張 特急(近鉄)
50%
5:56 名張 特急(近鉄)
50%
5:34 益田 スーパーまつかぜ4号
48%
5:12 延岡 ひゅうが1号
48%
5:50 延岡 ひゅうが3号
48%
5:25 室蘭 すずらん1号
47%
5:40 京成上野 スカイライナー1号
47%
5:40 新庄 つばさ122号
44%
5:42 太田 りょうもう4号
44%
5:29 西武秩父 ちちぶ6号
40%
5:59 本川越 小江戸2号
39%
5:39 飯能 むさし2号
37%
5:57 飯能 むさし4号
37%
5:50 飯能 むさし66号
37%
5:54 新居浜 モーニングEXP松山
37%
5:32 京成成田 モーニングライナー202号
36%
5:57 名鉄岐阜 ミュースカイ
36%
5:56 相模大野 モーニングウェイ90号
33%
5:26 館林 リバティりょうもう2号
31%
5:39 新栃木 リバティけごん206号
28%
5:47 京王八王子 京王ライナー2号
25%
5:45 橋本 京王ライナー32号
25%
5:35 春日部 スカイツリーライナー2号
23%
No matching quizzes found
Score Distribution
Percent of People with Each Score
Percentile by Number Answered
Your Score History
You have not taken this quiz since the last reset